01075 2200325 4500001002100000005001500021035002000036007000300056008004100059020002200100040002200122082001600144084001800160090002200178100003900200245014600239250003400385300004800419650001600467700003600483700003100519850001200550504003400562264003500596336002100631337003000652338002300682999002200705990002200727INLIS00000000089568320250502082220 a0010-0425000932ta250429 2025 yoia g ind d a978-623-8551-29-3 aYOPDYOGbinderda04223a005.362 a005.362 PRA d aCB-D.11 2025-05590 aPrahenusa Wahyu CiptadiePengarang10aDasar-dasar pemrograman :bpanduan lengkap dari nol hingga mahir /cPrahenusa Wahyu Ciptadi, Muhammad Fairuzabadi; penyunting, Arip Febrianto aCetakan pertama, Januari 2025 aviii, 157 halaman :bgambar, tabel ;c23 cm 4aPemrograman0 aMuhammad FairuzabadiePengarang0 aArip FebriantoePenyunting aYOPDYOG aBibliografi : halaman 154-15531aYogyakarta :bUPY Press,c2025 2rdacontentateks 2rdamediaatanpa perantara 2rdacarrieravolume aCB-D.11/2025-0559 aCB-D.11/2025-0559